000 00317nam a22001337a 4500
020 _a8187721294
082 _a620
_bVEN/BA
100 _aVenugopal, K
_aPrabhu Raja, V
_9350
245 _aBasic Mechanical Engineering
250 _a6
260 _aChannai
_bAnuradha Publications
_c2011
300 _a14.12
942 _cBK
999 _c14261
_d14261